Kevin Hart Movies - Statistics

General Stats
  • This quiz has been taken 49 times
  • The average score is 5 of 15
Answer Stats
Release Year Costars Movie % Correct
2014 Ice Cube, Laurence Fishburne Ride Along
65%
2015 Will Ferrell, Alison Brie Get Hard
58%
2016 Dwayne Johnson, Aaron Paul Central Intelligence
55%
2018 Tiffany Haddish, Keith David Night School
48%
2017 Dwayne Johnson, Jack Black Jumanji: Welcome to the Jungle
40%
2022 Mark Wahlberg, Regina Hall Me Time
38%
2022 Woody Harrelson, Kaley Cuoco The Man From Toronto
35%
2003 Anna Faris, Charlie Sheen Scary Movie 3
25%
2016 Louis C.K., Lake Bell The Secret Life of Pets
25%
2004 Snoop Dogg, Method Man Soul Plane
23%
2008 Drake Bell, Sara Paxton Superhero Movie
20%
TBA Jamie Lee Curtis, Cate Blanchett Borderlands
15%
2010 Ben Stiller, Robert De Niro Little Fockers
15%
2022 Dwayne Johnson, Keanu Reeves DC League of Superpets
13%
2013 Sylvester Stallone, Robert De Niro Grudge Match
13%
No matching quizzes found
Score Distribution
Percent of People with Each Score
Percentile by Number Answered
Your Score History
You have not taken this quiz